000 00791nam a2200205 i 4500
001 180400
003 ES-MaACL
005 20250812081235.0
008 120531s1975 sp |||| | spa d
080 _a611.133-018(043.2)
100 1 _aGarfia González, Antonio.
_9150263
245 1 0 _aMorfología de la inervación sensitiva y microcirculación del seno carotídeo /
_cpor Antonio Garfia González.
260 _aBarcelona :
_bUniversidad, Secretariado de Publicaciones, Intercambio Cientifico y Extensión Universitaria,
_c1975.
300 _a10 p., 1 h. ;
_c24 cm.
502 _aTesis-Universidad Barcelona (Extracto)
650 7 _aArterias coronarias
_2embne
_9150264
710 2 _aUniversidad de Barcelona.
_97141
852 _aES-MaACL
_jE-15361(225)
999 _c180400
_d180400